000 00718nam a22002177a 4500
003 0
005 20250809151337.0
008 250809b xxu||||| |||| 00| 0 eng d
020 _a978-1-975236-31-1
050 _aRT 120.02
_b.R53 2025
100 _aRicci, Susan Scott,
_eauthor.
245 _aEssentials of maternity, newborn, and women's health nursing /
_cSusan Scott Ricci.
250 _a6th ed.
260 _aPhiladelphia :
_bWolters Kluwer,
_c2025.
300 _axvii, 843 pages :
_bcolored illustrations ;
_c28 cm.
504 _aIncludes bibliographical references and index.
650 _aMaternity nursing.
650 _aNewborn infants
_xCare.
650 _aWomen
_xHealth and hygiene.
942 _2lcc
_cBK
999 _c367496
_d367496